<?xml version="1.0" encoding="UTF-8"?>
<record
    xmlns:xsi="http://www.w3.org/2001/XMLSchema-instance"
    xsi:schemaLocation="http://www.loc.gov/MARC21/slim http://www.loc.gov/standards/marcxml/schema/MARC21slim.xsd"
    xmlns="http://www.loc.gov/MARC21/slim">

  <leader>02089agaaa2200325   4500</leader>
  <controlfield tag="001">6449</controlfield>
  <controlfield tag="003">IT-RoPAU</controlfield>
  <controlfield tag="005">20220918181231.0</controlfield>
  <controlfield tag="007">d cvaizq</controlfield>
  <controlfield tag="008">50131s9999||||xx ||| |     ||   ||und||</controlfield>
  <datafield tag="040" ind1=" " ind2=" ">
    <subfield code="a">IT-RoPAU</subfield>
    <subfield code="c">IT-RoPAU</subfield>
  </datafield>
  <datafield tag="041" ind1=" " ind2=" ">
    <subfield code="a">ITALIANO</subfield>
  </datafield>
  <datafield tag="100" ind1=" " ind2=" ">
    <subfield code="a">Harrison John Kent</subfield>
    <subfield code="g">Codice regista SPICS: 58541</subfield>
    <subfield code="9">40858</subfield>
  </datafield>
  <datafield tag="130" ind1=" " ind2=" ">
    <subfield code="a">GIOVANNI PAOLO II</subfield>
    <subfield code="9">40859</subfield>
  </datafield>
  <datafield tag="245" ind1=" " ind2=" ">
    <subfield code="a">GIOVANNI PAOLO II</subfield>
    <subfield code="c">Prodotto da: Bernabei L. E M. -- Sceneggiatura: Contaldo Francesco Harrison John Kent -- Diretto da: Harrison John Kent</subfield>
    <subfield code="p">GIOVANNI PAOLO II (Rif. Codice opera principale : H6449)</subfield>
  </datafield>
  <datafield tag="250" ind1=" " ind2=" ">
    <subfield code="a">Edizione Standard</subfield>
  </datafield>
  <datafield tag="260" ind1=" " ind2=" ">
    <subfield code="a">(ITA - USA - POL.)</subfield>
    <subfield code="b">RAI FICTION - LUX VIDE - GRUPA FILMOWA / Distribuzione: MULTIMEDIA SAN PAOLO</subfield>
    <subfield code="g">"2005 (1&#xB0; ed.: 2006 ; Ed. Lingua Orig.: 2005)"</subfield>
  </datafield>
  <datafield tag="300" ind1=" " ind2=" ">
    <subfield code="a">DVD</subfield>
    <subfield code="b">sonoro, col.</subfield>
    <subfield code="c">200 minuti</subfield>
  </datafield>
  <datafield tag="508" ind1=" " ind2=" ">
    <subfield code="a">"Fotografia: Lucci Fabrizio; Montaggio: Lucidi A. Van Eeghen; Musica: Frisina Marco; Sceneggiatura: Contaldo Francesco Harrison John Kent; Scenografia: Basile Pier Luigi; Soggetto: Arlanch Francesco -- Basile Salvatore"</subfield>
  </datafield>
  <datafield tag="511" ind1=" " ind2=" ">
    <subfield code="a">"Voight Jon; Elwes Cary; Cromwell James; Lee Christopher; Gazzara Ben; Pecci Daniele"</subfield>
  </datafield>
  <datafield tag="520" ind1=" " ind2=" ">
    <subfield code="a">"FIL TV SULLA VITA DI GIOVANNI PAOLO II. STUDENTE MODELLO, ATTORE DI TALENTO, SPORTIVO APPASSIONATO, INTELLETTUALE SOVVERSIVO, OPERAIO, DRAMMATURGO, POETA, SCRITTORE, FILOSOFO... KAROL WOJTYLA AVREBBE POTUTO FARE QUALSIASI COSA NELLA VITA, MA DIO LHA SCELTO PER ESSERE IL SUO SERVO INUTILE. DIVENTO' PAPA GIOVANNI PAOLO II. CONTENUTI EXTRA: BACKSTAGE; FILMOGRAFIE ESSENZIALI.FILM TRASMESSO TA RAIUNO NEL DICEMBRE 2005."</subfield>
  </datafield>
  <datafield tag="538" ind1=" " ind2=" ">
    <subfield code="a">PAL, STEREO</subfield>
  </datafield>
  <datafield tag="546" ind1=" " ind2=" ">
    <subfield code="a">ITALIANO</subfield>
  </datafield>
  <datafield tag="650" ind1=" " ind2=" ">
    <subfield code="a">DRAMMATICO - BIOG</subfield>
    <subfield code="e">DVD-FILM [DVD]</subfield>
    <subfield code="x">Codice MATERIA SPICS: 9947</subfield>
    <subfield code="9">40860</subfield>
  </datafield>
  <datafield tag="700" ind1=" " ind2=" ">
    <subfield code="a">Arlanch Francesco </subfield>
    <subfield code="e">(soggetto)</subfield>
    <subfield code="g">Codice Soggetto SPICS: 58279</subfield>
    <subfield code="9">40861</subfield>
  </datafield>
  <datafield tag="700" ind1=" " ind2=" ">
    <subfield code="a">Basile Salvatore </subfield>
    <subfield code="e">(soggetto)</subfield>
    <subfield code="g">Codice Soggetto 2&#xB0; SPICS: 58542</subfield>
    <subfield code="9">40862</subfield>
  </datafield>
  <datafield tag="700" ind1=" " ind2=" ">
    <subfield code="a">Frisina Marco</subfield>
    <subfield code="e">(musica)</subfield>
    <subfield code="g">Codice Musica SPICS: 38406</subfield>
    <subfield code="9">40863</subfield>
  </datafield>
  <datafield tag="700" ind1=" " ind2=" ">
    <subfield code="a">Harrison John Kent </subfield>
    <subfield code="e">(regista)</subfield>
    <subfield code="g">Codice regista SPICS: 58541</subfield>
    <subfield code="9">40864</subfield>
  </datafield>
  <datafield tag="942" ind1=" " ind2=" ">
    <subfield code="c">DV</subfield>
    <subfield code="2">ddc</subfield>
  </datafield>
  <datafield tag="999" ind1=" " ind2=" ">
    <subfield code="c">105342</subfield>
    <subfield code="d">105342</subfield>
  </datafield>
  <datafield tag="952" ind1=" " ind2=" ">
    <subfield code="0">0</subfield>
    <subfield code="1">0</subfield>
    <subfield code="4">0</subfield>
    <subfield code="6">H_6449_000000000000000</subfield>
    <subfield code="7">1</subfield>
    <subfield code="a">SPICS</subfield>
    <subfield code="b">SPICS</subfield>
    <subfield code="d">2015-01-31</subfield>
    <subfield code="l">0</subfield>
    <subfield code="o">H6449</subfield>
    <subfield code="r">2015-01-31 00:00:00</subfield>
    <subfield code="w">2015-01-31</subfield>
    <subfield code="y">DV</subfield>
    <subfield code="z">Progr. Ins.: 3450 / N.Vol.:2 / Copie: 1 / Pag.:0 / Copia rara: n.d. / date import: 1.2.2015 / By Epidotti, Trombetti, Vaglietti</subfield>
  </datafield>
</record>
